[Event "St Petersburg-ch 93rd"]
[Site "St Petersburg"]
[Date "2020.09.30"]
[Round "9.1"]
[White "Duzhakov, Ilya"]
[Black "Goganov, Aleksey"]
[Result "0-1"]
[WhiteElo "2399"]
[BlackElo "2565"]
[PlyCount "105"]
[EventDate "2020.09.22"]
[EventType "swiss"]
[EventRounds "9"]
[EventCountry "RUS"]
[SourceTitle "EXT 2021"]
[Source "ChessBase"]
[SourceDate "2020.10.23"]
[SourceVersion "1"]
[SourceVersionDate "2020.10.23"]
[SourceQuality "1"]

1. d4 Nf6 2. c4 e6 3. Nf3 a6 4. Nc3 d5 5. Bg5 dxc4 6. a4 h6 7. Bh4 Nc6 8. e3 Na5 9. Ne5 c5 10. dxc5 Qxd1+ 11. Rxd1 Bxc5 12. Bxc4 Nxc4 13. Nxc4 Bd7 14. Nd6+ Bxd6 15. Rxd6 Bc6 16. Bxf6 gxf6 17. f3 Ke7 18. Rd2 Rad8 19. Rf1 Rxd2 20. Kxd2 Rg8 21. Rf2 a5 22. e4 Kd6 23. b3 Kc5 24. Kc2 h5 25. Rd2 h4 26. Nd1 f5 27. exf5 h3 28. gxh3 e5 29. Rf2 Rh8 30. Re2 Rxh3 31. Rxe5+ Kd4 32. Re2 Bxf3 33. Rd2+ Ke5 34. Nf2 Rh5 35. Kc3 Kxf5 36. Nd3 Ke4 37. Nb2 Rh3 38. Kc2 f5 39. Nd3 Ke3 40. Kc3 f4 41. Ne5 Be2 42. Rd7 Ke4+ 43. Kd2 Rxh2 44. Re7 Kd4 45. Ke1 f3 46. Ng4 Rh1+ 47. Kd2 Rd1+ 48. Kc2 Rg1 49. Ne3 f2 50. Kd2 Bf3 51. Rd7+ Kc5 52. Rc7+ Kb6 53. Re7 0-1

[Event "St Petersburg-ch 93rd"]
[Site "St Petersburg"]
[Date "2020.09.28"]
[Round "7.6"]
[White "Duzhakov, Ilya"]
[Black "Schekachikhin, Maksim"]
[Result "1-0"]
[WhiteElo "2399"]
[BlackElo "2406"]
[PlyCount "53"]
[EventDate "2020.09.22"]
[EventType "swiss"]
[EventRounds "9"]
[EventCountry "RUS"]
[SourceTitle "EXT 2021"]
[Source "ChessBase"]
[SourceDate "2020.10.23"]
[SourceVersion "1"]
[SourceVersionDate "2020.10.23"]
[SourceQuality "1"]

1. d4 d5 2. c4 e6 3. Nc3 Bb4 4. Nf3 Nf6 5. e3 0-0 6. Bd3 c5 7. cxd5 exd5 8. dxc5 Nc6 9. 0-0 Bxc5 10. h3 Re8 11. b3 Be6 12. Bb2 Rc8 13. Rc1 Bd6 14. Bb1 Bb8 15. Ne2 Ne4 16. Nf4 Bxf4 17. exf4 f6 18. Nd4 Bf7 19. Nf5 Bg6 20. Qg4 Nd2 21. Nh6+ gxh6 22. Bxg6 hxg6 23. Qxg6+ Kf8 24. Bxf6 Qd7 25. f5 Re2 26. Qxh6+ Kf7 27. Qg7+ 1-0

[Event "Titled Tuesday intern op 5th May"]
[Site "Chess.com INT"]
[Date "2020.05.05"]
[Round "1"]
[White "Duzhakov, Ilya"]
[Black "Schut, Han"]
[Result "1/2-1/2"]
[WhiteElo "2399"]
[BlackElo "2101"]
[PlyCount "139"]
[EventDate "2020.05.05"]
[EventType "swiss (blitz)"]
[EventRounds "10"]
[EventCountry "USA"]
[SourceTitle "EXT 2021"]
[Source "ChessBase"]
[SourceDate "2020.10.23"]
[SourceVersion "1"]
[SourceVersionDate "2020.10.23"]
[SourceQuality "1"]

1. d4 Nf6 2. c4 g6 3. Nc3 d5 4. cxd5 Nxd5 5. e4 Nxc3 6. bxc3 Bg7 7. Bc4 c5 8. Ne2 Nc6 9. Be3 0-0 10. 0-0 Bg4 11. f3 cxd4 12. cxd4 Na5 13. Bd3 Be6 14. Nf4 Bxd4 15. Bxd4 Qxd4+ 16. Kh1 Bc4 17. Qa4 e5 18. Bxc4 Qxc4 19. Qxa5 exf4 20. Qe5 Rfd8 21. Qxf4 Rac8 22. h4 Qe2 23. Rfc1 Rxc1+ 24. Qxc1 Rd2 25. Qc8+ Kg7 26. Qc3+ Kh6 27. Rg1 Qf2 28. Qf6 Qg3 29. a4 Kh5 30. Qg5+ Qxg5 31. hxg5 Kxg5 32. Rb1 b6 33. g3 h5 34. Rb5+ Kh6 35. a5 Rd6 36. axb6 Rxb6 37. Ra5 Rb7 38. Kg2 Kg7 39. f4 Kf8 40. g4 hxg4 41. Kg3 Ke8 42. Kxg4 Kd8 43. f5 gxf5+ 44. exf5 Kc7 45. f6 Kb6 46. Re5 a5 47. Kg5 a4 48. Kh6 a3 49. Re2 Ra7 50. Ra2 Kc6 51. Kg7 Kd6 52. Rd2+ Ke5 53. Ra2 Ke6 54. Re2+ Kf5 55. Re7 Ra6 56. Re1 a2 57. Ra1 Ke4 58. Kxf7 Kd3 59. Kg7 Kc2 60. f7 Ra7 61. Rxa2+ Rxa2 62. f8Q Rb2 63. Qf5+ Kb3 64. Qe5 Rc2 65. Kf6 Rc6+ 66. Kf5 Rc4 67. Qd5 Kb4 68. Ke5 Rc5 69. Kd4 Rxd5+ 70. Kxd5 1/2-1/2

[Event "Titled Tuesday intern op 5th May"]
[Site "Chess.com INT"]
[Date "2020.05.05"]
[Round "10"]
[White "Duzhakov, Ilya"]
[Black "Sihite, Chelsie Monica"]
[Result "0-1"]
[WhiteElo "2399"]
[BlackElo "2252"]
[PlyCount "62"]
[EventDate "2020.05.05"]
[EventType "swiss (blitz)"]
[EventRounds "10"]
[EventCountry "USA"]
[SourceTitle "EXT 2021"]
[Source "ChessBase"]
[SourceDate "2020.10.23"]
[SourceVersion "1"]
[SourceVersionDate "2020.10.23"]
[SourceQuality "1"]

1. c4 Nf6 2. Nc3 e5 3. d3 Bb4 4. Bd2 0-0 5. g3 c6 6. Bg2 d6 7. a3 Ba5 8. e3 Bg4 9. Nge2 Nbd7 10. 0-0 Bc7 11. Qc2 Rc8 12. h3 Bh5 13. b4 Bb8 14. b5 Bg6 15. e4 cxb5 16. Nxb5 a6 17. Nbc3 d5 18. exd5 Rxc4 19. Rab1 b5 20. Rb4 Bd6 21. Rxc4 bxc4 22. Ne4 cxd3 23. Qxd3 Nxe4 24. Bxe4 Nc5 25. Bxg6 Nxd3 26. Bxd3 f5 27. Nc3 e4 28. Bxa6 Qa5 29. Bb7 e3 30. fxe3 Qxa3 31. Kg2 Qb2 0-1

[Event "EU-ch blitz"]
[Site "Tallinn"]
[Date "2019.12.07"]
[Round "14"]
[White "Duzhakov, Ilya"]
[Black "Morgunov, Marc"]
[Result "1-0"]
[WhiteElo "2346"]
[BlackElo "2141"]
[PlyCount "51"]
[EventDate "2019.12.07"]
[EventType "swiss (blitz)"]
[EventRounds "22"]
[EventCountry "EST"]
[SourceTitle "CBM 193 Extra"]
[Source "ChessBase"]
[SourceDate "2020.01.31"]
[SourceVersion "1"]
[SourceVersionDate "2020.01.31"]
[SourceQuality "1"]

1. d4 Nf6 2. c4 e6 3. Nf3 Bb4+ 4. Nbd2 0-0 5. a3 Be7 6. e4 d5 7. e5 Ne4 8. Qc2 Nxd2 9. Bxd2 dxc4 10. Bxc4 b6 11. Bd3 h6 12. Be4 c6 13. h4 Ba6 14. Rh3 f5 15. exf6 Bxf6 16. g4 Bxd4 17. g5 h5 18. Bb4 Rf4 19. 0-0-0 e5 20. Nxe5 Qe8 21. Bh7+ Kh8 22. Ng6+ Kxh7 23. Nxf4+ Kg8 24. Rxd4 c5 25. Re3 Qf8 26. Ng6 1-0

[Event "EU-ch blitz"]
[Site "Tallinn"]
[Date "2019.12.07"]
[Round "16"]
[White "Gretarsson, Helgi Ass"]
[Black "Duzhakov, Ilya"]
[Result "1-0"]
[WhiteElo "2523"]
[BlackElo "2346"]
[PlyCount "68"]
[EventDate "2019.12.07"]
[EventType "swiss (blitz)"]
[EventRounds "22"]
[EventCountry "EST"]
[SourceTitle "CBM 193 Extra"]
[Source "ChessBase"]
[SourceDate "2020.01.31"]
[SourceVersion "1"]
[SourceVersionDate "2020.01.31"]
[SourceQuality "1"]

1. d4 Nf6 2. c4 g6 3. Nc3 d5 4. cxd5 Nxd5 5. Bd2 Nb6 6. Nf3 Bg7 7. Bf4 0-0 8. Rc1 c6 9. h3 N8d7 10. e4 Nf6 11. Be2 h6 12. 0-0 a5 13. Qd2 Kh7 14. Rfd1 Ne8 15. Bd3 f5 16. exf5 Bxf5 17. Be5 a4 18. Qe2 Ra5 19. Bxf5 Rxf5 20. Re1 Bxe5 21. Nxe5 Qxd4 22. Nf3 Qf6 23. Qxe7+ Ng7 24. Qxb7 Rxf3 25. Ne4 Qf7 26. Qxb6 Rff5 27. Nd6 Qxa2 28. Nxf5 Rxf5 29. Rxc6 Qd5 30. Rxg6 Qd2 31. Re7 Qc1+ 32. Kh2 Qf4+ 33. Rg3 Rg5 34. Qc7 Qxc7 1-0

[Event "EU-ch rapid"]
[Site "Tallinn"]
[Date "2019.12.06"]
[Round "13"]
[White "Duzhakov, Ilya"]
[Black "Kanep, Meelis"]
[Result "1/2-1/2"]
[WhiteElo "2351"]
[BlackElo "2466"]
[PlyCount "114"]
[EventDate "2019.12.05"]
[EventType "swiss"]
[EventRounds "13"]
[EventCountry "EST"]
[SourceTitle "CBM 193 Extra"]
[Source "ChessBase"]
[SourceDate "2020.01.31"]
[SourceVersion "1"]
[SourceVersionDate "2020.01.31"]
[SourceQuality "1"]

1. d4 Nf6 2. c4 d6 3. Nc3 e5 4. Nf3 e4 5. Nd2 Bf5 6. e3 c6 7. Be2 d5 8. Qb3 Qd7 9. f3 exf3 10. Bxf3 Be6 11. 0-0 Be7 12. c5 0-0 13. a3 Qc7 14. Qc2 Ng4 15. Bxg4 Bxg4 16. e4 dxe4 17. Ndxe4 Qd8 18. Qf2 f5 19. Ng3 f4 20. Nge4 g5 21. b4 Na6 22. Qa2+ Rf7 23. d5 cxd5 24. Qxd5 Nc7 25. Qxb7 Rb8 26. Qxa7 Qd4+ 27. Rf2 Rc8 28. Bb2 Ne6 29. Qa6 Rd8 30. h3 Bf5 31. Rd1 Qe5 32. Rxd8+ Nxd8 33. Nd6 Qe1+ 34. Qf1 Qxf1+ 35. Rxf1 Bxd6 36. cxd6 Rd7 37. Nd5 Kf7 38. Re1 Nc6 39. b5 Rxd6 40. bxc6 Rxd5 41. Re5 Rxe5 42. Bxe5 Ke6 43. Bg7 Kd5 44. c7 Ke4 45. Kf2 h5 46. a4 g4 47. h4 g3+ 48. Kg1 Bc8 49. a5 f3 50. gxf3+ Kxf3 51. Bf6 Ba6 52. Bd4 Bb7 53. Kf1 Ba6+ 54. Kg1 Bb7 55. Be5 Ba6 56. Bd6 Bb7 57. Be5 Ba6 1/2-1/2

[Event "EU-ch rapid"]
[Site "Tallinn"]
[Date "2019.12.06"]
[Round "8"]
[White "Duzhakov, Ilya"]
[Black "Ruck, Robert"]
[Result "1/2-1/2"]
[WhiteElo "2351"]
[BlackElo "2551"]
[PlyCount "194"]
[EventDate "2019.12.05"]
[EventType "swiss"]
[EventRounds "13"]
[EventCountry "EST"]
[SourceTitle "CBM 193 Extra"]
[Source "ChessBase"]
[SourceDate "2020.01.31"]
[SourceVersion "1"]
[SourceVersionDate "2020.01.31"]
[SourceQuality "1"]

1. d4 Nf6 2. c4 e6 3. Nf3 d5 4. Nc3 Bb4 5. Bg5 h6 6. Bxf6 Qxf6 7. e3 0-0 8. Qb3 c5 9. cxd5 exd5 10. dxc5 Bxc3+ 11. Qxc3 Qxc3+ 12. bxc3 Be6 13. Nd4 Rc8 14. Nxe6 fxe6 15. c4 Rxc5 16. cxd5 exd5 17. Be2 Nd7 18. 0-0 Nb6 19. Rfd1 Na4 20. Bf3 Nc3 21. Rd3 Rac8 22. a4 b6 23. Kf1 Kf8 24. Ke1 Ke7 25. Rd4 Rc4 26. Kd2 Rxd4+ 27. exd4 Rc4 28. Kd3 Kd6 29. a5 b5 30. a6 b4 31. Bxd5 Rc8 32. Bb3 Rf8 33. f3 Re8 34. Ra5 Re2 35. Kc4 Rxg2 36. Kxb4 Ne2 37. Rd5+ Kc6 38. Bc4 Rxh2 39. Rc5+ Kd6 40. Rd5+ Kc6 41. Rd8 Kc7 42. Ra8 Nxd4 43. Rxa7+ Kd6 44. Rxg7 Nc6+ 45. Kc3 Rh3 46. a7 Rxf3+ 47. Bd3 Nxa7 48. Rxa7 h5 49. Kd4 h4 50. Rh7 h3 51. Rh6+ Ke7 52. Be4 Rg3 53. Ke5 Re3 54. Rh7+ Ke8 55. Kf4 Re1 56. Rxh3 Ke7 57. Rh7+ Kf6 58. Rh6+ Ke7 59. Bg2 Re6 60. Rh7+ Kd6 61. Bh3 Re1 62. Rd7+ Kc6 63. Rd2 Kc5 64. Bg2 Re7 65. Be4 Re8 66. Rd5+ Kc4 67. Ke3 Rh8 68. Rd7 Kc5 69. Rc7+ Kb4 70. Bf5 Rh5 71. Bd3 Rh4 72. Kd2 Rg4 73. Rb7+ Kc5 74. Kc3 Rh4 75. Rb5+ Kc6 76. Rg5 Rf4 77. Bc4 Kd6 78. Rd5+ Ke7 79. Kb4 Kf6 80. Rd8 Rf5 81. Bd3 Re5 82. Kc4 Kg5 83. Kd4 Ra5 84. Rd6 Kf4 85. Rf6+ Kg5 86. Rf1 Ra4+ 87. Ke3 Rb4 88. Rf5+ Kh6 89. Be4 Kg7 90. Kf4 Rb6 91. Ra5 Kf6 92. Rh5 Rb2 93. Rh6+ Ke7 94. Ke5 Re2 95. Rh7+ Ke8 96. Kd5 Kf8 97. Bf5 Re7 1/2-1/2

[Event "EU-ch rapid"]
[Site "Tallinn"]
[Date "2019.12.05"]
[Round "3"]
[White "Duzhakov, Ilya"]
[Black "Sargissian, Gabriel"]
[Result "0-1"]
[WhiteElo "2351"]
[BlackElo "2715"]
[PlyCount "84"]
[EventDate "2019.12.05"]
[EventType "swiss"]
[EventRounds "13"]
[EventCountry "EST"]
[SourceTitle "CBM 193 Extra"]
[Source "ChessBase"]
[SourceDate "2020.01.31"]
[SourceVersion "1"]
[SourceVersionDate "2020.01.31"]
[SourceQuality "1"]

1. d4 Nf6 2. c4 e6 3. Nf3 d5 4. g3 Bb4+ 5. Bd2 Be7 6. Bg2 0-0 7. 0-0 Nbd7 8. Qc2 c6 9. Rd1 b6 10. Bf4 Ba6 11. b3 Rc8 12. Nc3 h6 13. e4 dxc4 14. Nd2 g5 15. Be3 Ng4 16. Nxc4 b5 17. Nb2 Nxe3 18. fxe3 b4 19. Ne2 c5 20. d5 exd5 21. exd5 Bd6 22. Nc4 Bxc4 23. bxc4 Qe7 24. e4 Rce8 25. Rf1 f5 26. Rae1 fxe4 27. Rxf8+ Nxf8 28. Nc1 e3 29. Ne2 Kg7 30. g4 Ng6 31. Ng3 Bxg3 32. hxg3 Qe5 33. Kh2 Qc3 34. Qd1 Ne5 35. d6 Qd4 36. Qa4 Nxg4+ 37. Kh1 Rf8 38. d7 Rf7 39. Qxa7 Rxd7 40. Qb6 Re7 41. Qc6 e2 42. Qf3 Qf2 0-1

[Event "Chigorin Memorial 27th"]
[Site "St Petersburg"]
[Date "2019.10.13"]
[Round "9"]
[White "Afanasiev, Nikita"]
[Black "Duzhakov, Ilya"]
[Result "1-0"]
[WhiteElo "2520"]
[BlackElo "2401"]
[PlyCount "103"]
[EventDate "2019.10.05"]
[EventType "swiss"]
[EventRounds "9"]
[EventCountry "RUS"]
[SourceTitle "EXT 2021"]
[Source "ChessBase"]
[SourceDate "2020.10.23"]
[SourceVersion "1"]
[SourceVersionDate "2020.10.23"]
[SourceQuality "1"]

1. Nf3 d5 2. e3 Nf6 3. c4 e6 4. b3 c5 5. cxd5 exd5 6. Bb5+ Nc6 7. Bb2 Be7 8. Ne5 Qb6 9. Nxc6 bxc6 10. Be2 a5 11. Nc3 a4 12. Ba3 axb3 13. axb3 Rb8 14. Qc1 Qa5 15. Na4 Nd7 16. Qc2 Ba6 17. Bxa6 Qxa6 18. Bb2 Qb5 19. Bxg7 Rg8 20. Nc3 Qxb3 21. Qxb3 Rxb3 22. Bh6 Rxg2 23. Bf4 Rg8 24. Ra8+ Bd8 25. Ke2 Rb7 26. Rha1 Nb6 27. R8a6 Rg6 28. Rb1 c4 29. Be5 Re7 30. Bd4 Nd7 31. Ra8 Rh6 32. Na4 f5 33. Bc3 Nf8 34. Rxd8+ Kxd8 35. Rb8+ Kc7 36. Rxf8 Rxh2 37. Rxf5 Rh1 38. Rf6 Rg1 39. Ba5+ Kb8 40. Nc5 Rg6 41. Rf8+ Ka7 42. Bd8 Reg7 43. Bf6 Rc7 44. Bd4 Re7 45. Kd1 h5 46. Rh8 Rg1+ 47. Ke2 Rg4 48. Kf1 h4 49. f4 Rf7 50. Kf2 Kb6 51. Nd7+ Kc7 52. Ne5 1-0

[Event "Chigorin Memorial 27th"]
[Site "St Petersburg"]
[Date "2019.10.12"]
[Round "8"]
[White "Duzhakov, Ilya"]
[Black "Rozum, Ivan"]
[Result "1-0"]
[WhiteElo "2401"]
[BlackElo "2596"]
[PlyCount "93"]
[EventDate "2019.10.05"]
[EventType "swiss"]
[EventRounds "9"]
[EventCountry "RUS"]
[SourceTitle "EXT 2021"]
[Source "ChessBase"]
[SourceDate "2020.10.23"]
[SourceVersion "1"]
[SourceVersionDate "2020.10.23"]
[SourceQuality "1"]

1. d4 e6 2. e4 d5 3. Bd3 dxe4 4. Bxe4 Nf6 5. Bf3 Bd6 6. c4 0-0 7. c5 Be7 8. Nc3 e5 9. Be3 exd4 10. Bxd4 Nc6 11. Bxc6 bxc6 12. Nge2 Rb8 13. Qc2 Nd5 14. Rd1 Be6 15. 0-0 Qd7 16. Nxd5 cxd5 17. Qc3 g6 18. Nf4 c6 19. Rfe1 Rfe8 20. Qg3 Rf8 21. Qe3 Bg4 22. f3 Rbe8 23. fxg4 Bh4 24. Qd2 Bxe1 25. Rxe1 Qxg4 26. Rf1 Re4 27. Rf3 Rfe8 28. h3 Qg5 29. Qf2 h5 30. b4 h4 31. Kh2 Re1 32. a4 Rd1 33. Nd3 Qe7 34. b5 Qc7+ 35. g3 cxb5 36. axb5 Re4 37. b6 axb6 38. cxb6 hxg3+ 39. Rxg3 Qe7 40. Bc5 Qe8 41. Qf6 Re6 42. Qf4 Re4 43. Qf3 Rb1 44. Nf2 Rb2 45. Qf6 Qb5 46. Qd6 Kh7 47. Rf3 1-0

[Event "Chefchaouen op 18th"]
[Site "Chefchaouen"]
[Date "2019.07.17"]
[Round "4"]
[White "Duzhakov, Ilya"]
[Black "Sentissi, Yassine"]
[Result "1-0"]
[WhiteElo "2383"]
[BlackElo "1631"]
[PlyCount "85"]
[EventDate "2019.07.15"]
[EventType "swiss"]
[EventRounds "9"]
[EventCountry "MAR"]
[SourceTitle "CBM 191 Extra"]
[Source "ChessBase"]
[SourceDate "2019.09.30"]
[SourceVersion "1"]
[SourceVersionDate "2019.09.30"]
[SourceQuality "1"]

1. d4 Nf6 2. c4 g6 3. Nc3 Bg7 4. g3 0-0 5. Bg2 c5 6. Nf3 d6 7. 0-0 Nc6 8. d5 Na5 9. Nd2 a6 10. Qc2 Rb8 11. Rb1 b5 12. b3 e5 13. cxb5 axb5 14. b4 cxb4 15. Rxb4 Ba6 16. Ba3 Qc7 17. Rc1 Bh6 18. e3 Rfc8 19. Qd3 Qd7 20. Rcb1 Nc4 21. Bc1 Qc7 22. Nxc4 bxc4 23. Qc2 Nd7 24. Bf1 Rxb4 25. Rxb4 Rb8 26. Qb1 Rxb4 27. Qxb4 Qc5 28. Qa4 Qc8 29. Ne4 Nb6 30. Qa5 Nxd5 31. Qxd5 Bb7 32. Nxd6 Bxd5 33. Nxc8 Bf8 34. Nb6 Bc6 35. Bxc4 Bc5 36. Nd5 Kf8 37. Bb2 Bd6 38. Kf1 f5 39. Ke2 g5 40. f3 e4 41. fxe4 fxe4 42. Nf6 h6 43. Bd5 1-0

[Event "St Petersburg-ch 92nd"]
[Site "St Petersburg"]
[Date "2019.04.09"]
[Round "9"]
[White "Duzhakov, Ilya"]
[Black "Levin, Evgeny A"]
[Result "1/2-1/2"]
[WhiteElo "2397"]
[BlackElo "2514"]
[PlyCount "81"]
[EventDate "2019.04.01"]
[EventType "tourn"]
[EventRounds "11"]
[EventCountry "RUS"]
[EventCategory "7"]
[SourceTitle "CBM 189 Extra"]
[Source "ChessBase"]
[SourceDate "2019.06.03"]
[SourceVersion "1"]
[SourceVersionDate "2019.06.03"]
[SourceQuality "1"]

1. d4 Nf6 2. Nf3 e6 3. c4 b6 4. g3 Ba6 5. b3 Bb4+ 6. Bd2 Be7 7. Bg2 c6 8. Bc3 d5 9. Ne5 Nfd7 10. Nxd7 Nxd7 11. Nd2 Rc8 12. 0-0 0-0 13. e4 c5 14. exd5 exd5 15. dxc5 dxc4 16. c6 cxb3 17. Nc4 b2 18. Bxb2 Bxc4 19. Qg4 Bf6 20. Bxf6 Qxf6 21. Qxc4 Ne5 22. Qa6 Nf3+ 23. Bxf3 Qxf3 24. Qxa7 Qxc6 25. Rab1 Ra8 26. Qxb6 Qxb6 27. Rxb6 Rxa2 28. Rd6 h5 29. h4 Re8 30. Rd4 Rae2 31. Rfd1 Re1+ 32. Rxe1 Rxe1+ 33. Kg2 g6 34. Ra4 Kg7 35. Ra6 Re7 36. Rb6 f6 37. Kf3 g5 38. Rb4 Kg6 39. Ra4 Re5 40. Rb4 Kf5 41. Ra4 1/2-1/2

[Event "St Petersburg-ch 92nd"]
[Site "St Petersburg"]
[Date "2019.04.08"]
[Round "8"]
[White "Usmanov, Vasily"]
[Black "Duzhakov, Ilya"]
[Result "1-0"]
[WhiteElo "2450"]
[BlackElo "2397"]
[PlyCount "115"]
[EventDate "2019.04.01"]
[EventType "tourn"]
[EventRounds "11"]
[EventCountry "RUS"]
[EventCategory "7"]
[SourceTitle "CBM 189 Extra"]
[Source "ChessBase"]
[SourceDate "2019.06.03"]
[SourceVersion "1"]
[SourceVersionDate "2019.06.03"]
[SourceQuality "1"]

1. d4 e6 2. c4 Nf6 3. Nc3 Bb4 4. Bd2 b6 5. e4 Bxc3 6. Bxc3 Nxe4 7. Qg4 d5 8. cxd5 exd5 9. Qxg7 Qf6 10. Qxf6 Nxf6 11. f3 Bb7 12. Kf2 0-0 13. Ne2 Nbd7 14. Nf4 Rfe8 15. g4 Nf8 16. g5 N6d7 17. h4 Ne6 18. Nh5 a6 19. Bh3 c5 20. Rad1 Rac8 21. Rhe1 Kf8 22. Bf5 cxd4 23. Bxd4 Rc4 24. Nf6 Nxf6 25. Bxf6 Kg8 26. h5 Rf4 27. Bg4 h6 28. Kg3 hxg5 29. Bxg5 Rb4 30. b3 Bc6 31. Bd2 Rb5 32. Rc1 Rc5 33. Bb4 Rxc1 34. Rxc1 Bb5 35. h6 Kh7 36. Bd2 Bd3 37. Rc6 Nd4 38. Rxb6 Re2 39. Bc3 Nf5+ 40. Bxf5+ Bxf5 41. Rxa6 Bb1 42. a4 Re3 43. Bg7 Rxb3 44. a5 Ra3 45. Kf4 Bd3 46. Ra8 Kg6 47. Ke5 Bf1 48. f4 Re3+ 49. Kd6 Rf3 50. a6 Rxf4 51. a7 Ra4 52. Bd4 Ra6+ 53. Kc7 Kxh6 54. Rh8+ Kg5 55. a8Q Rxa8 56. Rxa8 Kf4 57. Kd6 Ke4 58. Kc5 1-0

[Event "St Petersburg-ch 92nd"]
[Site "St Petersburg"]
[Date "2019.04.06"]
[Round "6"]
[White "Schekachikhin, Maksim"]
[Black "Duzhakov, Ilya"]
[Result "1/2-1/2"]
[WhiteElo "2428"]
[BlackElo "2397"]
[PlyCount "110"]
[EventDate "2019.04.01"]
[EventType "tourn"]
[EventRounds "11"]
[EventCountry "RUS"]
[EventCategory "7"]
[SourceTitle "CBM 189 Extra"]
[Source "ChessBase"]
[SourceDate "2019.06.03"]
[SourceVersion "1"]
[SourceVersionDate "2019.06.03"]
[SourceQuality "1"]

1. c4 Nf6 2. Nc3 e5 3. e3 Bb4 4. Nge2 c6 5. a3 Ba5 6. b4 Bc7 7. Bb2 d6 8. d4 0-0 9. Ng3 a5 10. d5 axb4 11. axb4 Rxa1 12. Bxa1 Na6 13. Qb1 h5 14. Bd3 h4 15. Nge4 Nxe4 16. Bxe4 f5 17. Bf3 c5 18. b5 Nb8 19. 0-0 Nd7 20. Be2 Qe8 21. Kh1 Ba5 22. Qc2 Nf6 23. Bb2 Nh7 24. f4 Bd8 25. Bd3 e4 26. Be2 g5 27. Nd1 Qg6 28. Nf2 Qh6 29. Nh3 g4 30. Nf2 Nf6 31. Ra1 g3 32. Nh3 Ng4 33. Ra8 Bf6 34. Bxf6 Qxf6 35. Bxg4 fxg4 36. Ng5 Qxg5 37. Rxc8 Qf6 38. Rxf8+ Kxf8 39. Qc1 Kf7 40. Qe1 gxh2 41. Kxh2 Kg6 42. Qb1 Kf5 43. b6 Qh8 44. Qd1 h3 45. Kg3 Qh5 46. Qa4 hxg2 47. Qd7+ Kf6 48. Qxd6+ Kg7 49. Qd7+ Kh6 50. Qe6+ Kg7 51. Qe7+ Kg8 52. Qe6+ Kg7 53. Qd7+ Kh6 54. Qd6+ Kg7 55. Qc7+ Kh6 1/2-1/2

[Event "EU-ch 20th"]
[Site "Skopje"]
[Date "2019.03.21"]
[Round "4"]
[White "Uzumcu, Ahmet Utku"]
[Black "Duzhakov, Ilya"]
[Result "1/2-1/2"]
[WhiteElo "2211"]
[BlackElo "2405"]
[PlyCount "79"]
[EventDate "2019.03.18"]
[EventType "swiss"]
[EventRounds "11"]
[EventCountry "MKD"]
[SourceTitle "CBM 189"]
[Source "ChessBase"]
[SourceDate "2019.04.29"]
[SourceVersion "1"]
[SourceVersionDate "2019.04.29"]
[SourceQuality "1"]

1. e4 e6 2. d4 d5 3. Nd2 c5 4. exd5 Qxd5 5. Ngf3 cxd4 6. Bc4 Qd7 7. 0-0 Nc6 8. Nb3 a6 9. Nbxd4 Nxd4 10. Nxd4 Qc7 11. Bb3 Bd6 12. Qh5 Nf6 13. Qh4 Bd7 14. Bg5 0-0-0 15. Rad1 h6 16. Bxf6 gxf6 17. Rd3 Kb8 18. Rc3 Qa5 19. Qxf6 Be5 20. Qh4 Rhg8 21. Rd3 Bc7 22. Rfd1 h5 23. Nf3 Bc6 24. Rxd8+ Bxd8 25. Qf4+ Qc7 26. Qxc7+ Bxc7 27. Ne1 Rg5 28. Bc4 b5 29. Be2 e5 30. g3 e4 31. Ng2 Rc5 32. c3 a5 33. a3 Bb6 34. Ne3 Kc7 35. Rd2 Rg5 36. c4 h4 37. Nd5+ Bxd5 38. Rxd5 Rxd5 39. cxd5 hxg3 40. hxg3 1/2-1/2

[Event "St Petersburg  North-West Cup-A"]
[Site "St Petersburg"]
[Date "2018.12.09"]
[Round "7"]
[White "Duzhakov, Ilya"]
[Black "Sitnikov, Anton"]
[Result "0-1"]
[WhiteElo "2404"]
[BlackElo "2410"]
[PlyCount "116"]
[EventDate "2018.12.03"]
[EventType "tourn"]
[EventRounds "9"]
[EventCountry "RUS"]
[EventCategory "8"]
[SourceTitle "CBM 187 Extra"]
[Source "ChessBase"]
[SourceDate "2018.11.04"]
[SourceVersion "1"]
[SourceVersionDate "2018.11.04"]
[SourceQuality "1"]

1. d4 d6 2. e4 Nf6 3. Nc3 Nbd7 4. Nf3 e5 5. Bc4 Be7 6. a4 0-0 7. 0-0 exd4 8. Qxd4 Nb6 9. Ba2 a5 10. h3 Nfd7 11. Be3 Bf6 12. Qd2 Bxc3 13. Qxc3 Nxa4 14. Bxf7+ Rxf7 15. Rxa4 Rxf3 16. gxf3 Ne5 17. Bf4 Bxh3 18. Rfa1 Ng6 19. Bg3 b6 20. b4 Bd7 21. R4a3 a4 22. Qc4+ Kh8 23. b5 Ne5 24. Qd5 c6 25. bxc6 Bxc6 26. Qe6 Bd7 27. Qd5 Bc6 28. Qd4 Qf6 29. Bxe5 dxe5 30. Qxb6 Rf8 31. Qc5 Bd7 32. Rd1 Rc8 33. Qd6 Qg5+ 34. Kh2 Qh4+ 35. Kg1 Qg5+ 36. Kh2 Bb5 37. Rc3 Qh4+ 38. Kg2 Qg5+ 39. Kh2 Qf4+ 40. Kg2 Rf8 41. Qd2 Qf6 42. Rh1 Qg6+ 43. Kh2 Qh5+ 44. Kg2 Qg6+ 45. Kh2 h6 46. Qd5 Qh5+ 47. Kg2 Qg5+ 48. Kh2 Qh4+ 49. Kg2 Qg5+ 50. Kh2 Rf4 51. Rc8+ Kh7 52. Qg8+ Kg6 53. Qe6+ Kh5 54. Qh3+ Rh4 55. Qxh4+ Kxh4 56. Rf8 Bd7 57. Rd1 Bh3 58. Rg1 Qd2 0-1